Dacca The Mughal Capital/ (Record no. 17511)
[ view plain ]
| 000 -LEADER | |
|---|---|
| fixed length control field | 00673nam a22002177a 4500 |
| 003 - CONTROL NUMBER IDENTIFIER | |
| control field | BDDh-ASL |
| 005 - DATE AND TIME OF LATEST TRANSACTION | |
| control field | 20231015025545.0 |
| 008 - FIXED-LENGTH DATA ELEMENTS--GENERAL INFORMATION | |
| fixed length control field | 161208b1964 pk ab||| |||| 001 0 eng | |
| 040 ## - CATALOGING SOURCE | |
| Original cataloging agency | BDDh-ASL |
| Transcribing agency | BDDh-ASL |
| Modifying agency | BDDh-ASL |
| 082 ## - DEWEY DECIMAL CLASSIFICATION NUMBER | |
| Classification number | 954.92 |
| Item number | KAD |
| 100 1# - MAIN ENTRY--PERSONAL NAME | |
| Personal name | Karim, Abdul |
| 9 (RLIN) | 84 |
| 245 10 - TITLE STATEMENT | |
| Title | Dacca The Mughal Capital/ |
| 260 ## - PUBLICATION, DISTRIBUTION, ETC. | |
| Place of publication, distribution, etc. | Dacca: |
| Name of publisher, distributor, etc. | Asiatic Society of Pakistan, |
| Date of publication, distribution, etc. | 1964. |
| 300 ## - PHYSICAL DESCRIPTION | |
| Extent | xii, 514 p.: |
| Other physical details | ill,; |
| Dimensions | 25 cm. |
| 440 ## - SERIES STATEMENT/ADDED ENTRY--TITLE | |
| Title | Asiatic Society of Pakistan publication. |
| 9 (RLIN) | 217 |
| Volume/sequential designation | no. 18 |
| 500 ## - GENERAL NOTE | |
| General note | Includes index. |
| 504 ## - BIBLIOGRAPHY, ETC. NOTE | |
| Bibliography, etc. note | Bibliography:P. [498]-503 |
| 650 ## - SUBJECT ADDED ENTRY--TOPICAL TERM | |
| General subdivision | Dhaka |
| Geographic subdivision | Bangladesh |
| 9 (RLIN) | 85 |
| 651 ## - SUBJECT ADDED ENTRY--GEOGRAPHIC NAME | |
| Source of heading or term | History of Dhaka |
| Geographic name | Dhaka |
| General subdivision | Bangladesh |
| 9 (RLIN) | 86 |
| 942 ## - ADDED ENTRY ELEMENTS (KOHA) | |
| Source of classification or shelving scheme | Dewey Decimal Classification |
| Koha item type | Books |
| Withdrawn status | Lost status | Source of classification or shelving scheme | Damaged status | Not for loan | Collection code | Home library | Current library | Shelving location | Date acquired | Source of acquisition | Serial Enumeration / chronology | Total Checkouts | Full call number | Barcode | Date last seen | Copy number | Price effective from | Koha item type | Public note |
|---|---|---|---|---|---|---|---|---|---|---|---|---|---|---|---|---|---|---|---|
| Dewey Decimal Classification | Not For Loan | Non-fiction | Asiatic Society Library | Asiatic Society Library | ASB Publications | 12/08/2016 | ASB Publications | ASP-018 | 954.92 KAD | 100091 | 12/08/2016 | C-1 | 12/08/2016 | Books | RARE | ||||
| Dewey Decimal Classification | Not For Loan | Non-fiction | Asiatic Society Library | Asiatic Society Library | Dhaka Collection | 12/08/2016 | ASB Publications | ASP-018 | 954.92 KAD | 100092 | 12/08/2016 | C-1 | 12/08/2016 | Books | RARE | ||||
| Dewey Decimal Classification | Not For Loan | Non-fiction | Asiatic Society Library | Asiatic Society Library | General Stacks | 12/08/2016 | ASB Publications | ASP-018 | 954.92 KAD | 100093 | 12/08/2016 | C-3 | 12/08/2016 | Books | RARE | ||||
| Dewey Decimal Classification | Not For Loan | Non-fiction | Asiatic Society Library | Asiatic Society Library | General Stacks | 12/08/2016 | ASB Publications | ASP-018 | 954.92 KAD | 100094 | 12/08/2016 | C-4 | 12/08/2016 | Books | RARE | ||||
| Dewey Decimal Classification | Not For Loan | Non-fiction | Asiatic Society Library | Asiatic Society Library | General Stacks | 12/08/2016 | ASB Publications | ASP-018 | 954.92 KAD | 100095 | 12/08/2016 | C-5 | 12/08/2016 | Books | RARE | ||||
| Dewey Decimal Classification | Not For Loan | Non-fiction | Asiatic Society Library | Asiatic Society Library | General Stacks | 02/16/2021 | ASB Publications | ASP-018 | 954.92 KAD | 105915 | 02/16/2021 | C-6 | 02/16/2021 | Books | RARE | ||||
| Dewey Decimal Classification | Non-fiction | Asiatic Society Library | Asiatic Society Library | Dhaka Collection | 05/31/2022 | Donated by Prof. Sirajul Islam FRHS | ASP-18 | 954.92 KAD | 116874 | 05/31/2022 | C-7 | 05/31/2022 | Books | RARE |